Implementando estrategias de adaptación al cambio climático con productores ganaderos del Casanare: (Registro nro. 20279)

Detalles MARC
000 -CABECERA
Campo de control 01300nam a22002777a 4500
005 - FECHA Y HORA DE LA ULTIMA TRANSACCION
Campo de control 20200104041803.0
008 - ELEMENTOS DE LONGITUD FIJA—INFORMACION GENERAL
Campo de control 180803b xxu||||| |||| 00| 0 spa d
020 ## - ISBN
ISBN 9789588753447
040 ## - FUENTE DE CATALOGACIÓN
Agencia catalogadora original CO-BoIAVH
Agencia transcriptora CO-BoIAVH
041 ## - IDIOMA
Código de idioma para texto/pista de sonido o título separado Español
044 ## - PAÍS DE PUBLICACIÓN
País de publicación Colombia
082 ## - NUMERO DE CLASIFICACION DECIMAL DEWEY
Número de clasificación 630.2515
Número del ítem P46i
100 ## - ASIENTO PRINCIPAL--NOMBRE PERSONAL
Nombre personal Peñuela, Lourdes
Término relacionado editora
9 (RLIN) 92103
245 1# - MENCION DE TITULO
Título Implementando estrategias de adaptación al cambio climático con productores ganaderos del Casanare:
Parte restante del título implementación al cambio climático, con productores ganaderos entre las cuencas de los ríos Guachiria y Ariporo en Casanare
260 ## - PUBLICACION, DISTRIBUCION, ETC. (PIE DE IMPRENTA)
Lugar de publicación, distribución, etc. Bogotá:
Nombre del editor, distribuidor, etc. Fundación Natura,
-- Fundación Horizonte Verde,
-- Ecopetrol
Fecha de publicación, distribución, etc. 2017.
300 ## - DESCRIPCION FISICA
Extensión 242 páginas:
Otros detalles físicos fotografías a color, tablas ;
Dimensiones 28 x 21cm.
500 ## - NOTA GENERAL
Nota general Implementando estrategias de adaptación al cambio climático con productores ganaderos del Casanare: implementación al cambio climático, con productores ganaderos entre las cuencas de los ríos Guachiria y Ariporo en Casanare.
650 26 - ASIENTO SECUNDARIO DE MATERIA - TERMINO TEMATICO
Término temático o nombre geográfico como elemento de entrada Variabilidad climática
9 (RLIN) 92172
650 26 - ASIENTO SECUNDARIO DE MATERIA - TERMINO TEMATICO
Término temático o nombre geográfico como elemento de entrada Ganaderia
9 (RLIN) 92173
650 26 - ASIENTO SECUNDARIO DE MATERIA - TERMINO TEMATICO
Término temático o nombre geográfico como elemento de entrada Agricultura
9 (RLIN) 304
650 26 - ASIENTO SECUNDARIO DE MATERIA - TERMINO TEMATICO
Término temático o nombre geográfico como elemento de entrada Desarrollo sostenible
9 (RLIN) 278
650 26 - ASIENTO SECUNDARIO DE MATERIA - TERMINO TEMATICO
Término temático o nombre geográfico como elemento de entrada Productividad
9 (RLIN) 92176
700 ## - ASIENTO SECUNDARIO - NOMBRE PERSONAL
Nombre personal Segura, Gustavo
Término de relación editor
9 (RLIN) 92115
700 ## - ASIENTO SECUNDARIO - NOMBRE PERSONAL
Nombre personal Solano, Clara
Término de relación editora
9 (RLIN) 35705
942 ## - ELEMENTOS ADICIONALES (KOHA)
Sistema de clasificación Dewey Decimal Classification
Tipo de ítem Libro
Existencias
Withdrawn status Lost status Sistema de Clasificación Damaged status No para préstamo Colección Ubicación Permanente Ubicación actual Fecha de adquisición Total Checkouts Número topográfico Inventario / Código de Barras Date last seen Ejemplar Price effective from Forma de adquisición Tipo de material
    Dewey Decimal Classification     General Bogotá Bogotá 03/08/2018   LB-630.2515 P46i 042518 03/08/2018 Ej. 1 03/08/2018 Donación Libro